| 000 | 00538nam a22001817a 4500 | ||
|---|---|---|---|
| 999 |
_c171133 _d171133 |
||
| 005 | 20200107114854.0 | ||
| 010 | _aENG-127321 | ||
| 020 |
_a9789386519061 _c150.00 |
||
| 035 | _aEN-110853 | ||
| 037 | _bDBAD/PUB | ||
| 082 | _a580 | ||
| 100 | _aArumugam,N | ||
| 245 |
_aBiology 12/ _cby Arumugam,N...[et.,all] |
||
| 260 |
_aKanyakumari _bSaras publication _c2018 |
||
| 270 |
_a114/35G,A.R.P.Camp Road,Periavilai,Kottar P.O,Nagercoil _bKanyakumari _e629002 |
||
| 300 |
_a708p. _c23cm(pbk) |
||
| 942 |
_2ddc _cEN _mARU _h580 |
||